00873cam a22002415a 450000500170000000800410001702000180005804000390007608200200011510000330013524500500016826000350021830000210025365000440027465000260031865000420034465100100038665300220039665500240041894200080044299900170045095201640046720201128024138.0690603s1969 mau fr 00000 eng d a9780807005958 aDLCcDLCdm.c.dKLGdEG-ScBUEbeng04222a335.83bMAR1 aMarcuse, Herbert,d1898-197913aAn essay on liberation /cby Herbert Marcuse.0 aBoston,bBeacon Presscc.1969. ax, 91 p.c24 cm. 7aPhilosophical Anthropology.2BUEsh9755 7aLiberty.2BUEsh99623 7aCivilizationxphilosophy.2BUEsh9800 2BUEsh bBUSBOLcApril2017 vReading book934232 2ddc c24676d24648 00102ddc3Lost In Inventory_2018-08-1240708BaccahaMAINbMAINc1STd2017-04-20ePurchaseg450.00l0o335.83 MARp000041665r2025-07-15 00:00:00v563.00yBB